| 000 | 00589nam a2200193 a 4500 | ||
|---|---|---|---|
| 005 | 20140310183525.0 | ||
| 008 | 111001s19uu xx 00 eng d | ||
| 020 | _a9789814232494 | ||
| 020 | _a9814232491 | ||
| 050 |
_aQA 76.5 _b.An545 2009 |
||
| 100 | _aAntonakos, James | ||
| 245 |
_aThe intel microprocessor family : _bhardware and software principles and applications / _cJames Antonakos. |
||
| 260 |
_aAustralia : _bCengage Learning, _c2009. |
||
| 300 |
_a618 p. : _b ill. ; _c28 cm. |
||
| 521 | _aIT | ||
| 650 | _aIntel microprocessor | ||
| 942 |
_cBK _2lcc _kFOR |
||
| 999 |
_c24500 _d24500 |
||